Responses for show #3131 - Monday, March 23, 1998

Contestants

[<< previous game]

Bridget Boyd, a federal civil servant from Perry, Georgia

Paul Marte, a publishing project coordinator from New York, New York

Boze Hadleigh, a writer from Beverly Hills, California (whose 1-day cash winnings total $16,400)

[next game >>]

Jeopardy! Round responses

PLACES IN THE HEART
NOT WITHOUT MY DAUGHTER
PUNCHLINE
SOAPDISH
FLYING
"NONE"
    $100 18
aorta

Boze
    $100 16
Brooke Shields

Boze
    $100 11
Moby Grape

Paul
    $100 4
Spelling

Paul
    $100 22
stealth bomber

Paul
    $100 2
And Then There were None

Boze
    $200 27
(Paul: What is a defibrillator?)

a pacemaker

Paul
Triple Stumper
    $200 17
Demi Moore

Paul
    $200 12
Good night, Gracie

Paul
    $200 5
Tammy Wynette

Bridget
    $200 23
Kauai

Boze
    $200 1
this little piggy had none

Bridget
    $300 24
(Paul: What are teeth?)

valves

Paul
Triple Stumper
    $300 20
the Judds

Paul
    $300 13
Don't call me Shirley

Paul
    $300 6
Mark Hamill

Paul
    $300 30
Sister Bertrille

Boze
    $300 3
Bar None

Paul
    $500 25
(Boze: What is the valve?)

the septum

Boze
    $400 19
(Boze: Who is Juliana?)
...
(Alex: Juliana was the mother.)

Beatrice (Beatrix)

BozeBridget
    $400 14
badly (or terribly)

Paul
    $400 7
Kevin Bacon

Paul
    $400 29
hot air balloon

Paul
    $400 9
None But the Brave

Boze
    $500 26
the vena cava

Bridget
    $500 21
(Benazir) Bhutto

Paul
    $500 15
[laughter]

he's decomposing

Bridget
    $500 8
Young & the Restless

Paul
    $500 28
Goodyear

Triple Stumper
    $500 10
nonesuch

Paul

Scores at the first commercial break (after clue 15):

Boze Paul Bridget
$500 $3,100 $900

Scores at the end of the Jeopardy! Round:

Boze Paul Bridget
$300 $4,100 $1,800

Double Jeopardy! Round responses

THE CIVIL WAR
GARY WRITES A NOVEL
BLESSED ARE THE PEACEMAKERS
ERIC STOLTZ WAS IN THAT?
REAL U.S. CITIES
OXYMORONS
(Alex: Expressions that have, seemingly, contradictory words. Jumbo shrimp is a perfect example.)
    $200 11
(Paul: What is the Union Army?)

the Army of the Potomac

PaulBridget
    $200 5
(Alex: All right, we'll accept just [*].)

The Atlantic (Monthly)

Paul
    $200 17
Sacajawea

Bridget
    $200 6
Little Women

Bridget
    $200 27
Illinois

Paul
    $200 22
[laughter]

military intelligence

Bridget
    $400 12
Andersonville

Bridget
    $400 4
Tolstoy

Boze
    $2,000 18
Menachem Begin

Bridget
    $400 7
Mask

Paul
    $400 28
Oklahoma

Paul
    $400 23
guest host

Bridget
    $600 13
Sherman

Bridget
    $1,000 1
a protagonist

Boze
    $600 19
Richard Nixon

Bridget
    $600 8
Helen Hunt

Bridget
    $600 16
Alaska

Bridget
    $600 24
THE CIVIL WAR

Triple Stumper
    $800 14
(Paul: What is Antietam?)

Gettysburg

PaulBridget
    $800 2
vanity

Boze
    $800 20
Oscar Arias Sanchez

Triple Stumper
    $800 9
Fast Times at Ridgemont High

Triple Stumper
    $800 25
sweet sorrow

Paul
    $1000 15
greenbacks

Boze
    $1000 3
John Steinbeck

Triple Stumper
    $1000 21
Le Duc Tho

Triple Stumper
    $1000 10
The Fly

Bridget
    $1000 26
[laughter]

Act Naturally

Triple Stumper

Scores at the end of the Double Jeopardy! Round:

Boze Paul Bridget
$3,500 $5,100 $9,600

[wagering suggestions for these scores]

Final Jeopardy! Round responses

SINGERS
BozeWho is Willie Nelson?
$3,400
PaulWho is Willie Nelson?
$4,700
BridgetWho is Willie Nelson?
$601
Willie Nelson

Final scores:

Boze Paul Bridget
$6,900 $9,800 $10,201
3rd place: Nordictrack Ellipse exercise machine 2nd place: A trip for 2 to Los Angeles & day passes to Universal Studios New champion: $10,201

Game dynamics:

Coryat scores:

Boze Paul Bridget
$3,600 $5,100 $8,000
10 R
(including 1 DD),
2 W
(including 1 DD)
20 R,
4 W
18 R
(including 1 DD),
0 W

Combined Coryat: $16,700

The J! Archive is created by fans, for fans. Scraping, republication, monetization, and malicious use prohibited; this site may use cookies and collect identifying information. See terms. The Jeopardy! game show and all elements thereof, including but not limited to copyright and trademark thereto, are the property of Jeopardy Productions, Inc. and are protected under law. This website is not affiliated with, sponsored by, or operated by Jeopardy Productions, Inc. Join the discussion at JBoard.tv.